LEADER 01198nam a2200241 i 4500 001 000000212920 003 CaOOAMICUS 005 20181022163301.0 008 120503s1934 it u000 u ita u 013 $a191770 040 $aSeMil$bita 245 10$aInventario della R. Segreteria di Stato e di Guerra del Regno di Sardegna :$b1720-1848. 260 $aRoma :$bSocieta' nazionale per la storia del Risorgimento Italiano,$c1934. 300 $a349 p. ;$c26 cm. 490 0 $aBiblioteca scientifica [Soc. nazionale per la storia del Risorgimento italiano] 650 4$aRegno di Sardegna <1720-1861> - Politica.$0(OLS)http://semarc/subject/26460 650 4$aRegno di Sardegna <1720-1861> - Storia.$0(OLS)http://semarc/subject/46671 830 0$aBiblioteca scientifica.$0(OLS)http://semarc/title/419404 850 $aSeMil 852 $aSeMil$W1$xVenegono$y1$m3S IV 91$j163350$B163350$CSeMilBibl$Z2$F174455 $81 996 $6245$aInventario della R. Segreteria di Stato e di Guerra del Regno di Sardegna :$b1720-1848$9(OLS)http://semarc/title/307208 996 $6260$aRoma :$bSocieta' nazionale per la storia del Risorgimento Italiano$9(OLS)http://semarc/publisher/36912 LEADER 01243nam a2200265 i 4500 001 000000060907 003 CaOOAMICUS 005 20140108000000.0 008 140108s1995 xx u000 u eng u 013 $a32079 020 $a0-8146-5845-8 040 $aSeMil$bita 100 1 $aMurphy-O'Connor, Jérôme,$c.$0(OLS)http://semarc/name/17173 245 10$aPaul the letter-writer :$bhis world, his options, his skills /$cJérôme Murphy-O'Connor. 260 $aCollegeville (Minnesota) :$bThe Liturgical Press,$c1995. 300 $aviii, 151 p. ;$c21 cm. 490 0 $aGood news studies ;$v41 650 4$aBibbia. Nuovo Testamento. Lettere di Paolo - Commentari, studi, critica, interpretazioni.$0(OLS)http://semarc/subject/935 830 0$aGood news studies ;$v41.$0(OLS)http://semarc/title/11372 850 $aSeMil 852 $aSeMil$W1$xVenegono$y1$m2W III 235$j27060$B27060$CSeMilBibl$Z2$F27063 $81 961 $aAcquisto: Distributore 996 $6020$a0-8146-5845-8$9(OLS)http://semarc/number/37084 996 $6245$aPaul the letter-writer :$bhis world, his options, his skills$9(OLS)http://semarc/title/95555 996 $6260$aCollegeville (Minnesota) :$bThe Liturgical Press$9(OLS)http://semarc/publisher/32329